| 000 | 00496nam a2200205Ia 4500 | ||
|---|---|---|---|
| 008 | 170918s9999 xx 000 0 und d | ||
| 020 | _a9780062353023 | ||
| 050 | _bR845fo 2014 | ||
| 100 | _aRoth, Veronica | ||
| 245 | _aFour : | ||
| 245 | _ba divergent collection / | ||
| 245 | _cby Veronica Roth. | ||
| 250 | _aFirst edition | ||
| 260 | _aNew York : | ||
| 260 | _bKatherine Tegen Books, | ||
| 260 | _c2014 | ||
| 300 | _a285 pages : | ||
| 300 | _billustrations ; | ||
| 300 | _c21cm. | ||
| 999 |
_c343590 _d343590 |
||